000 00275nam a2200097Ia 4500
008 230915s9999 xx 000 0 und d
050 _aSD 531 .U3 D35
100 _aDALE, IVAN R.
245 2 _aA DESCRPTIVE LIST OF THE INTRODUCED TREES OF THE UGANDA PROTECTORATE
942 _cBK
999 _c201987
_d201987